| 000 | 00893nam a2200193 a 4500 | ||
|---|---|---|---|
| 008 | 120416s1981 ||||||||||||||||| || u | ||
| 020 | _a0039103013 | ||
| 050 | _aHF 5635 Fra | ||
| 100 | _aFrancis, D. Pitt | ||
| 245 | 1 | 0 | _aNumeracy and accounting |
| 260 |
_aLondon _bHolt, Rinehart and Winston _c1981 |
||
| 300 | _aviii, 342p. | ||
| 350 | _a0.00 | ||
| 650 | 0 | _aACCOUNTING--HANDBOOKS, MANUALS, ETC | |
| 650 | _aNUMERACY | ||
| 995 |
_D0.00 _FCBU-MAIN LIBRARY (Kitwe) _H3 _I4.50 _UAVAILABLE _ZAnnex Low-Usage Collection |
||
| 995 |
_D0.00 _FCBU-MAIN LIBRARY (Kitwe) _H2 _I4.50 _UAVAILABLE _ZAnnex Low-Usage Collection |
||
| 995 |
_D0.00 _FCBU-MAIN LIBRARY (Kitwe) _H1 _I4.50 _UAVAILABLE _ZAnnex Low-Usage Collection |
||
| 999 |
_c81514 _d81514 |
||